000 00676nam a2200253Ia 4500
003 OSt
005 20221005082138.0
006 a|||||r|||| 00| 0
007 ta
008 ORI
020 _a8126005483
024 _a26452
037 _cTextual
040 _aCRL
_cCRL
_bORI
041 _2ORI
_aORI
082 _aO1591,2M57:g, 111N8
100 _aDas Jayanta Kumar
_9520538
245 0 _aRamshankar Ray
_b Makers of Indian literature
260 _aNew Delhi
_bSahitya Akademi India
_c1998
300 _a65p.
_ccm.
650 _aORIYA LITERATURE
_927692
942 _hO1591,2M57:g, 111N8
_cTEXL
_2cc
999 _c988798
_d988798